Sản xuất dầu diesel sinh học từ một số nguồn biomass khác nhau ở quy mô phòng thí nghiệm : Báo cáo tổng kết đề tài khoa học và công nghệ cấp Trường
Nội dung đề tài: tổng hợp dầu diesel sinh học từ dầu bã cafe
সংরক্ষণ করুন:
| প্রধান লেখক: | |
|---|---|
| বিন্যাস: | গ্রন্থ |
| ভাষা: | Undetermined |
| প্রকাশিত: |
Cần Thơ
Trường Đại học Cần Thơ
2011
|
| বিষয়গুলি: | |
| ট্যাগগুলো: |
ট্যাগ যুক্ত করুন
কোনো ট্যাগ নেই, প্রথমজন হিসাবে ট্যাগ করুন!
|
| Thư viện lưu trữ: | Trung tâm Học liệu Trường Đại học Cần Thơ |
|---|
| LEADER | 01013nam a2200229Ia 4500 | ||
|---|---|---|---|
| 001 | CTU_203825 | ||
| 008 | 210402s9999 xx 000 0 und d | ||
| 082 | |a 665.2 | ||
| 082 | |b Đ110 | ||
| 088 | |a T2011-64 | ||
| 100 | |a Nguyễn, Văn Đạt | ||
| 245 | 0 | |a Sản xuất dầu diesel sinh học từ một số nguồn biomass khác nhau ở quy mô phòng thí nghiệm : | |
| 245 | 0 | |b Báo cáo tổng kết đề tài khoa học và công nghệ cấp Trường | |
| 245 | 0 | |c Nguyễn Văn Đạt (Chủ nhiệm đề tài) ; Lê Thị Bạch ... [et al.] (tham gia thực hiện) | |
| 260 | |a Cần Thơ | ||
| 260 | |b Trường Đại học Cần Thơ | ||
| 260 | |c 2011 | ||
| 520 | |a Nội dung đề tài: tổng hợp dầu diesel sinh học từ dầu bã cafe | ||
| 650 | |a Industrial oil,Dầu công nghiệp | ||
| 904 | |i Tuyến | ||
| 915 | |a TN | ||
| 980 | |a Trung tâm Học liệu Trường Đại học Cần Thơ | ||